NBA Teams All-Time Starting 5 - Statistics

General Stats
  • This quiz has been taken 225 times
  • The average score is 87 of 180
Answer Stats
Hint Answer % Correct
F 10-14 | F 18-Present | F/G 03-10/14-18 LeBron James
78%
G 12-21 | G 20-22 | G/F 09-12 | G/F 21-Present James Harden
75%
F 07-16 | F 16-19 | F 22-Present | F 20-23 Kevin Durant
74%
C 06-08 | C 07-09 | C 10-11 | +3 others Shaquille Oneal
74%
G/F 01-03 | G/F 84-98 Michael Jordan
73%
F 79-92 Larry Bird
71%
G 79-96 Magic Johnson
71%
C 56-69 Bill Russell
70%
G 09-Present Stephen Curry
70%
G/F 82-94 Dominique WIlkins
69%
G/F 98-99 | G/F 94-95 Dominique Wilkins
69%
C 69-75 | C 75-89 Kareem Abdul-Jabbar
69%
G 05-11 | G 11-17 | G 17-19 | +2 others Chris Paul
68%
G 96-97 Dominique Wilkins
68%
G 96-16 Kobe Bryant
68%
G 08-19 | G 20-21 Russell Westbrook
68%
F/C 13-15 | F/C 95-07 Kevin Garnett
67%
C 59-65 | C 64-68 Wilt Chamberlain
66%
C 01-02 | C 84-01 Hakeem Olajuwon
63%
G 11-Present Klay Thompson
63%
F 13-Present Giannis Antetokounmpo
62%
F 11-17 | F 17-18 | F 19-21 | F/G 03-11 Carmelo Anthony
61%
C 15-Present Nikola Jokic
61%
G 18-20 | G/F 04-09 | G/F 10-11 | +4 others Vince Carter
61%
G/F 73-76 | G/F 76-87 Julius Erving
60%
F/C 85-03 Karl Malone
60%
F/G 11-18 | F/G 18-19 | F/G 19-Present Kawhi Leonard
60%
G/F 10-17 | G/F 19-Present Paul George
60%
F/G 87-98/03-04 Scottie Pippen
60%
G 08-16 | G 17-18 | G 20-Present Derrick Rose
59%
F/C 98-19 Dirk Nowitzki
59%
C 76-82 | C 77' | C 86-88 | C/F 88-91 Moses Malone
59%
F/C 97-16 Tim Duncan
59%
G 06-09 | G 08-09 Allen Iverson
57%
F/C 12-19 Anthony Davis
57%
G 99-05 Baron Davis
57%
F 86-93 Dennis Rodman
57%
F/G 19-Present | G/F 18-19 Jimmy Butler
57%
G/F 18-Present Luka Doncic
57%
G 04-12 | G 98-04 Steve Nash
56%
C 89-03 David Robinson
55%
C/F 00-08 Jermaine O'neal
55%
C 16-Present Joel Embiid
55%
G 01-18 | G 18-19 Tony Parker
55%
G 12-Present Damian Lillard
54%
C 04-12 | C 16-17 | C 18-19 | C 17-18 Dwight Howard
54%
G 84-03 John Stockton
54%
G 60-70 | G 70-74 Oscar Robertson
54%
G 81-94 Isiah Thomas
53%
G 19-Present Ja Morant
53%
C/F 08-19 Marc Gasol
52%
C 85-00 | C 11' Patrick Ewing
52%
C/F 01-08 | C/F 14-16 Pau Gasol
52%
G/F 01-04 | G/F 04-10 | G/F 09-10 | +3 others Tracy McGrady
52%
F 08-14 | F/C 14-23 Kevin Love
51%
F 19-Present Zion Williamson
50%
C/F 15-Present Karl-Anthony Towns
48%
F 10-18 Blake Griffin
47%
C 91-96 Dikembe Mutombo
47%
G/F 83-95 Clyde Drexler
45%
F/G 14-15 Paul Pierce
45%
C 00-06/09-12 Ben Wallace
43%
G 62-78 John Havlicek
43%
C 92-95 Alonzo Mourning
42%
F/G 09-18 DeMar Derozan
41%
G 02-03 | G 05-07 Gary Payton
41%
F 65-67/72-78 Rick Barry
40%
G 79-80 | G 80-90 Alex English
38%
C 76-82/87-88 Artis Gilmore
37%
F/C 98-05 Chris Webber
35%
C 10-17 DeMarcus Cousins
35%
C 74-78 Bill Walton
34%
G 17-22 Donovan Mitchell
34%
G 74-79 Pete Maravich
34%
G 67-77 Walt Frazier
34%
Magic Magic
27%
G 17-18 Rajon Rondo
27%
F/C 14-15 Amare Stoudemire
24%
G 16-17 | G 17-18 | G 03-16/17-19 Dwayne Wade
23%
G 00-02 Chauncey Billups
22%
Hawks Hawks
21%
F/G 95-98 Glen Rice
20%
Celtics Celtics
18%
C 82-93 Mark Eaton
18%
G 70-76 Nate Archibald
18%
G/F 77-78 Adrian Dantley
16%
Bulls Bulls
16%
Cavs Cavs
16%
Heat Heat
16%
Hornets Hornets
16%
Mavericks Mavericks
16%
Nets Nets
16%
Nuggets Nuggets
16%
Pacers Pacers
16%
F 05-06 Peja Stojakovic
16%
Pelicans Pelicans
16%
Rockets Rockets
16%
Thunder Thunder
16%
Warriors Warriors
16%
76ers 76ers
15%
Bucks Bucks
15%
Clippers Clippers
15%
G 11-12 Gilbert Arenas
15%
Grizzlies Grizzlies
15%
Jazz Jazz
15%
Kings Kings
15%
Knicks Knicks
15%
Lakers Lakers
15%
Pistons Pistons
15%
Raptors Raptors
15%
Spurs Spurs
15%
Suns Suns
15%
Timberwolves Timberwolves
15%
Wizards Wizards
15%
C/F 82-83 Dave Cowens
11%
G 96-07 Allen Iversoin
0%
Trailblazers Trailbazers
0%
No matching quizzes found
Score Distribution
Percent of People with Each Score
Percentile by Number Answered
Your Score History
You have not taken this quiz